000 00734nam a22002537a 4500
999 _c309435
_d309435
001 23192
003 UA-OsUOA
005 20230504161210.0
007 ta
008 20040114b un ||||| |||| 00| 0 ukr d
040 _aUA-OsUOA
_brus
_cUA-OsUOA
_dUA-OsUOA
041 _arus
044 _aRU
080 _a282(091)
090 _a282(091)
_bЛ72
100 _aЛозинский С. Г.
245 _aИстория папства
260 _aМосква
_bПолитиздат
_c1986
300 _a382 с.
650 7 _a282 Римсько-католицька церква (Західна церква)
_2UDC
942 _cBK
_2udc
955 _a1